000 01846nam a2200253 4500
001 0000010703
005 20250329165434.0
008 180403s2018 000 0 eng d
040 _aCO-CtgCURN
_bspa
_ccoctgcurn
082 0 _aENF 2018
_bA472
100 1 _aAlvarado Medrano, Yirludis.
245 1 0 _aConocimientos y actitudes de la familia frente al proceso de rehabilitación de pacientes con alteraciones mentales de una clínica psiquiátrica. cartagena, 2017 /
_cYirludis Alvarado Medrano; Daneys Barragán Luna; Wendy Polo Marrugo; Amparo Velasco Polo; Asesor: Sandra Lorena Vallejo Arias.
260 _aCartagena de Indias :
_bCorporación Universitaria Rafael Núñez,
_c2018.
504 _aTrabajo de grado (Enfermeria). Corporación Universitaria Rafael Nuñez. Facultad de Ciencias de la Salud. Enfermeria, 2018.
520 _aLas alteraciones mentales impactan el día a día de las personas: desde su trabajo, hasta cualquier actividad cognitiva, estudiar, actividades familiares, actividades sociales. Genera impactos económicos sobre las sociedades y sobre la calidad de vida de los individuos y las familias. Objetivos: Analizar los conocimientos y actitudes de la familia frente al proceso de rehabilitación de pacientes con alteraciones mentales de una clínica psiquiátrica en Cartagena durante 2017.
650 0 _aEnfermeria
_vTesis y disertaciones academicas.
700 1 _aBarragán Luna, Daneys.
700 1 _aPolo Marrugo, Wendy.
700 1 _aVelasco Polo, Amparo.
700 1 _aVallejo Arias, Sandra Lorena,
_eAsesor.
856 _uhttps://unicurn.sharepoint.com/:b:/s/biblioteca/EeIqKNXJeSdLrD-6dLIjhhMBAgqpaPKfJ8NjAapDRn6MJg?e=OQ8hN2
_zClick aqui para ver el recurso en texto completo
942 _2ddc
_cTG
_hENF 2018
_iA472
999 _c3986
_d3986